Giáo dục công dân 11

Na minha lista:
Detalhes bibliográficos
Autor principal: Mai, Văn Bính
Outros Autores: Phạm, Văn Hùng
Formato: Livro
Idioma:Undetermined
Publicado em: H. Giáo dục Việt Nam 2010
Assuntos:
Acesso em linha:http://lrc.tdmu.edu.vn/opac/search/detail.asp?aID=2&ID=6563
Tags: Adicionar Tag
Sem tags, seja o primeiro a adicionar uma tag!
Thư viện lưu trữ: Trung tâm Học liệu Trường Đại học Thủ Dầu Một
LEADER 00627nam a2200205Ia 4500
001 TDMU_6563
008 210410s9999 xx 000 0 und d
082 |a 370.11 
090 |b M103 
100 |a Mai, Văn Bính 
245 0 |a Giáo dục công dân 11 
245 0 |c Mai Văn Bính 
260 |a H. 
260 |b Giáo dục Việt Nam 
260 |c 2010 
300 |a 120tr. 
650 |a Sách lớp 11; Giáo dục công dân 
700 |a Phạm, Văn Hùng 
856 |u http://lrc.tdmu.edu.vn/opac/search/detail.asp?aID=2&ID=6563 
980 |a Trung tâm Học liệu Trường Đại học Thủ Dầu Một